• 首页
  • 本馆介绍
  • 公告通知
  • 最新文献
  • 馆藏检索
  • 电子资源
  • 读者导购
  • 参考咨询
  • 我的图书馆
  • 登录
  • 详细信息显示
  • 放入我的书架
  • 预约/预借图书
  • 作者相关作品
  • 分类相关作品
  • 丛书相关作品
  • 出版社相关作品

书目信息

  • 表格格式
  • 工作单格式
  • 卡片格式
题名:
居住空间设计
    
 
作者: 谭长亮 , 孙戈 编著
分册:  
出版信息: 上海   上海人民美术出版社  2012
页数: 135页
开本: 26cm
丛书名:
单 册:
中图分类: TU241.02
科图分类:
主题词: 住宅--室内装饰设计--高等学校--教材
电子资源:
ISBN: 978-7-5322-7671-4
000 00944nam0 2200265 450
001 0400002230
005 20171020143029.0
010    @a978-7-5322-7671-4@dCNY38.00
100    @a20120417e20142012em y0chiy50 ea
101 0  @achi
102    @aCN@b310000
105    @ay z 000yy
106    @ar
200 1  @a居住空间设计@9ju zhu kong jian she ji@dDesign of living space@f谭长亮,孙戈编著@zeng
210    @a上海@c上海人民美术出版社@d2012@h2014.5
215    @a135页@c图@d26cm
300    @a新世纪全国高等院校室内设计专业“十二五”重点规划教材
330    @a本书内容包括:室内设计入门介绍、居住空间设计的基本内容、居住空间设计的特殊因素、家具和配饰、居住空间设计的实践等。
510 1  @aDesign of living space@zeng
606 0  @a住宅@x室内装饰设计@x高等学校@j教材
690    @aTU241.02@v5
701  0 @a谭长亮@9tan chang liang@4编著
701  0 @a孙戈@9sun ge@4编著
801  0 @aCN@b91MARC@c20171020
905    @b1026601-5@dTU241.02@f5@e1058
    
    居住空间设计=Design of living space/谭长亮,孙戈编著.-上海:上海人民美术出版社,2012(2014.5)
    135页:图;26cm
    新世纪全国高等院校室内设计专业“十二五”重点规划教材
    
    ISBN 978-7-5322-7671-4:CNY38.00
    本书内容包括:室内设计入门介绍、居住空间设计的基本内容、居住空间设计的特殊因素、家具和配饰、居住空间设计的实践等。
●
相关链接 在E读中查询图书 在五车中查询图书 在当当中查询图书 在豆瓣中查询图书


正题名:居住空间设计     索取号:TU241.02/1058         预约/预借

序号 登录号 条形码 馆藏地/架位号 状态 备注
1 1026601   210266013   第二样本阅览室/ [索取号:TU241.02/1058] 在馆    
2 1026602   210266022   密集书库-生命科学系/ [索取号:TU241.02/1058] 在馆    
3 1026603   210266031   第三借阅区/ [索取号:TU241.02/1058] 在馆    
4 1026604   210266040   第三借阅区/ [索取号:TU241.02/1058] 在馆    
5 1026605   210266059   第三借阅区/ [索取号:TU241.02/1058] 在馆    
唐山师范学院图书馆 欢迎您!
大连网信软件有限公司© 版权所有